Switching power supply design

Saved in:
Bibliografiske detaljer
Main Authors: Pressman, Abraham I (Author), Billings, Keith (Author), Morey, Taylor (Author)
Format: Bog
Sprog:engelsk
Udgivet: Nueva York McGraw-Hill 2009
Udgivelse:3a. ed
Fag:
Tags: Tilføj Tag
Ingen Tags, Vær først til at tagge denne postø!

MARC

LEADER 00000cam a2200000 a 4500
001 UCF2567
003 CL-VaPUC
008 120830e20090000US |||||||||||||||||eng|d
020 |a 9780071482721 
082 0 4 |a 621.381  |b PRE  |2 21 
100 0 |a Pressman, Abraham I  |e author  |9 564247 
700 0 |a Billings, Keith  |e author  |9 564248 
700 0 |a Morey, Taylor  |e author  |9 564249 
245 1 0 |a Switching power supply design 
250 |a 3a. ed 
300 |a 841 p 
942 |c BK 
945 |d 20120830 00:00:00  |a cmena 
260 |a Nueva York  |b McGraw-Hill  |c 2009 
650 0 |a Dispositivos electrónicos   |9 355274 
650 7 |a MICROELECTRONICA  |2 CL-VaPUC  |9 271910 
650 0 |a Electrónica de potencia  |9 263153 
650 7 |a CONVERTIDORES ELECTRICOS  |2 CL-VaPUC  |9 345464 
583 |a last modification  |c 20120830 10:25:00  |k Rodrigo Vera 
999 |c 349109  |d 349107 
952 |0 0  |1 0  |4 0  |6 621_381000000000000_PRE_2009  |7 0  |8 A  |9 451538  |a BIBING  |b BIBING  |d 2019-11-22  |i 4898486  |o 621.381 PRE 2009  |p 4898486  |r 2025-01-20  |w 2019-11-22  |y BK  |k EIE